00489nam a2200193 a 4500001001300000003000900013005001700022008004100039020002300080082001700103100001500120245002800135260003500163300000900198500003500207505001800242650002000260700001500280nice12345678IN_TiNIC20260116014141.0080916s2008 dela grp 000 0 eng  a9788126135165c90000a922.97bSIN1 aSingh, M K aMaulana Abul Kalam Azad aDelhibAnmol Publishers c2008 a275p aincludes index and biblioraphy2 abiblio, index aAbul Kalam Azad1 aSingh, M K